00242nam a22001097a 4500020001500000040001200015082001300027100002300040245002900063260003000092300001000122 a9656596919 cMSOHAIL a891.4397 aKhalid Masood Khan aAbba Kahan Say Labba Tha aLahorebJhangir BoxcN.D. a256;p